Análisis de estructuras con cargas dinámicas / (Registro nro. 4040)
[ vista simple ]
| 000 -LEADER | |
|---|---|
| fixed length control field | 01025nam a22003017a 4500 |
| 003 - CONTROL NUMBER IDENTIFIER | |
| control field | PE SENCICO BE |
| 005 - DATE AND TIME OF LATEST TRANSACTION | |
| control field | 20251020182633.0 |
| 008 - FIXED-LENGTH DATA ELEMENTS--GENERAL INFORMATION | |
| fixed length control field | 230306b |||||||| |||| 00| 0 eng d |
| 020 ## - INTERNATIONAL STANDARD BOOK NUMBER | |
| International Standard Book Number | 978-1466328487 |
| 040 ## - CATALOGING SOURCE | |
| Original cataloging agency | PE SENCICO BE |
| Transcribing agency | PE SENCICO BE |
| 041 ## - LANGUAGE CODE | |
| Language code of text/sound track or separate title | spa |
| 082 ## - DEWEY DECIMAL CLASSIFICATION NUMBER | |
| Classification number | 624.1 |
| Item number | S85 |
| 100 1# - MAIN ENTRY--PERSONAL NAME | |
| 9 (RLIN) | 740 |
| Personal name | Suárez, Luis E. |
| 245 1# - TITLE STATEMENT | |
| Title | Análisis de estructuras con cargas dinámicas / |
| Statement of responsibility, etc. | Luis E. Suárez |
| 250 ## - EDITION STATEMENT | |
| Edition statement | [1a ed.] |
| 260 ## - PUBLICATION, DISTRIBUTION, ETC. | |
| Place of publication, distribution, etc. | Mayaguez [Puerto Rico] : |
| Name of publisher, distributor, etc. | Demand Publishing LLC, |
| Date of publication, distribution, etc. | 2014 |
| 300 ## - PHYSICAL DESCRIPTION | |
| Extent | 2 tomos : |
| Other physical details | diagrs., |
| Dimensions | 28 cm. |
| 505 3# - FORMATTED CONTENTS NOTE | |
| Formatted contents note | Tomo 1: Sistemas de un grado de libertad -- Tomo 2: Sistemas de múltiples grados de libertad |
| 650 14 - SUBJECT ADDED ENTRY--TOPICAL TERM | |
| 9 (RLIN) | 16 |
| Topical term or geographic name entry element | Diseño de estructuras |
| 650 24 - SUBJECT ADDED ENTRY--TOPICAL TERM | |
| 9 (RLIN) | 179 |
| Topical term or geographic name entry element | Ingeniería de estructuras |
| 650 24 - SUBJECT ADDED ENTRY--TOPICAL TERM | |
| 9 (RLIN) | 741 |
| Topical term or geographic name entry element | Análisis de estructuras |
| 650 24 - SUBJECT ADDED ENTRY--TOPICAL TERM | |
| 9 (RLIN) | 737 |
| Topical term or geographic name entry element | Ejercicios |
| 650 24 - SUBJECT ADDED ENTRY--TOPICAL TERM | |
| 9 (RLIN) | 571 |
| Topical term or geographic name entry element | Vigas |
| 650 24 - SUBJECT ADDED ENTRY--TOPICAL TERM | |
| 9 (RLIN) | 742 |
| Topical term or geographic name entry element | Sistemas estructurales |
| 650 24 - SUBJECT ADDED ENTRY--TOPICAL TERM | |
| 9 (RLIN) | 743 |
| Topical term or geographic name entry element | Cargas dinámicas |
| 910 ## - USER-OPTION DATA (OCLC) | |
| -- | hfp |
| -- | hfp |
| 942 ## - ADDED ENTRY ELEMENTS (KOHA) | |
| Source of classification or shelving scheme | Dewey Decimal Classification |
| Koha item type | Libros |
| Classification part | 624.1 |
| Item part | S85 |
| Fecha de la última vez que lo usaron | Número de ingreso o de inventario | Pago total | Signatura topográfica completa | Precio efectivo desde | Tipo de documento | Estado perdido | Sistema de clasificación | Estado dañado | No es para préstamo | Retirado | Ubicación permanente | Ubicación actual | Fecha de adquisición |
|---|---|---|---|---|---|---|---|---|---|---|---|---|---|
| 06/03/2023 | 16529 | 624.1/S85/t. 1 | 06/03/2023 | Libros | Dewey Decimal Classification | Biblioteca Central Lima | Biblioteca Central Lima | 06/03/2023 | |||||
| 06/03/2023 | 16528 | 624.1/S85/t. 1/ej. 2 | 06/03/2023 | Libros | Dewey Decimal Classification | Biblioteca Central Lima | Biblioteca Central Lima | 06/03/2023 | |||||
| 06/03/2023 | 16527 | 624.1/S85/t. 2 | 06/03/2023 | Libros | Dewey Decimal Classification | Biblioteca Central Lima | Biblioteca Central Lima | 06/03/2023 |